| 000 | 00656nam a2200205 i 4500 | ||
|---|---|---|---|
| 001 | 135524 | ||
| 003 | ES-MaACL | ||
| 005 | 20230906194911.0 | ||
| 007 | t| | ||
| 008 | 070719s1971 sp ||||1| cat d | ||
| 080 | _a914.6+914.4:(234.1)(084) | ||
| 100 | 1 |
_aTorres, Estanislau. _9110888 |
|
| 245 | 1 | 3 |
_aEl Pirineu / _cTest d'Estanislau Torres; fotografias de Francesc Catalá Roca. |
| 250 | _a[1ª ed.]. | ||
| 260 |
_aBarcelona : _bDestino, _c[1971] |
||
| 300 |
_a397 p., 1 h. con 45 lám., 8 map. : _bil. ; _c26 cm. |
||
| 651 | 4 |
_aPirineos- _xDescripción. _99233 |
|
| 700 | 1 |
_aCatalà-Roca, Francesc. _937014 |
|
| 852 |
_aES-MaACL _jC-37282 _bR.75844 |
||
| 999 |
_c135524 _d135524 |
||